000
00302nam a22001337a 4500
008
170929b xxu||||| |||| 00| 0 eng d
020
_a
9780536311573
041
_a
eng
080
_2
8TH
_a
37
100
_a
47
101
_a
EDU
245
_a
COMMUNICATING IN SMALL GROUPS
_c
BEEBE,S.A
942
_2
udc
_c
BK
999
_c
30759
_d
30759